| 000 | 00997nam a22002777a 4500 | ||
|---|---|---|---|
| 003 | BPGM | ||
| 008 | 260630s20111991mx ||||g|||||o001 p spa d | ||
| 020 | _aISBN 978-607-7619-23-9 | ||
| 040 | _bspa | ||
| 041 |
_aSPA _hSPA |
||
| 082 | 0 | 4 |
_a861M _bR4514 |
| 100 | _aBALTASAR RESÈNDIZ ESPÌNOLA | ||
| 240 | _aBALTASAR RESÈNDIZ ESPÌNOLA HÈBEL | ||
| 242 |
_aBALTASAR RESÈNDIZ ESPÌNOLA HÈBEL _bLETRAS |
||
| 245 |
_aBALTASAR RESENDIZ ESPINOLA HÈBEL _bLETRAS |
||
| 260 |
_aEl Gobierno del Estado de Querétaro _bEl Comité Editorial del Gobierno del Estado de Querétaro _cMAYO DEL 2011 |
||
| 300 |
_a81 PAGINAS _c16cmX 10,7 cm |
||
| 336 |
_2rdacontent _atexto _btxt |
||
| 337 |
_2rdamedia _asin mediación _bn |
||
| 338 |
_2rdacarrier _avolumen _bnc |
||
| 600 | _aBALTASAR RESÈNDIZ ESPÌNOLA HÈBEL | ||
| 650 |
_aPOESIA ESPAÑOLA _vLITERATURA RETORICA _xGENERALIDADES |
||
| 700 | _aBALTASAR RESÈNDIZ ESPÌNOLA HÈBEL | ||
| 941 | _aBALTASAR RESENDIZ ESPINOLA HEBEL | ||
| 942 |
_2ddc _cCOLQ |
||
| 999 |
_c68715 _d68715 |
||